| 000 | 01177cam a22003737a 4500 | ||
|---|---|---|---|
| 001 | 000094605 | ||
| 003 | CHAP | ||
| 005 | 20240617141155.0 | ||
| 007 | t| | ||
| 008 | 010920d2005 mx r 00110 spa d | ||
| 035 | _a102606 | ||
| 040 | _cCHAP | ||
| 090 | _aTesis | ||
| 100 | 0 | 0 | _aGarcía García, Antonio. |
| 245 | 1 | 3 |
_aLa gestión del agua en la cuenca endorreica de San Crístobal de las Casas, Chiapas, México / _c/por Antonio García García. |
| 264 |
_aChapingo, Méx, : _bEl autor, _c2005 |
||
| 300 | _a264 h. | ||
| 336 |
_2rdacontenido _atexto _btxt |
||
| 337 |
_2rdamedia _asin medio _bn |
||
| 338 |
_2rdacarrier _avolumen _bnc |
||
| 500 | _aTambién disponible en línea | ||
| 502 |
_bMCDRR _cCentros Regionales _d2005. |
||
| 502 | _gMAE | ||
| 650 | 1 | 4 |
_aAgua _xAprovechamiento _xChiapas. |
| 650 | 1 | 4 |
_aAgua _xUtilización. |
| 650 | 1 | 4 | _aCuencas. |
| 650 | 1 | 4 |
_aPolítica hidráulica _xMéxico. |
| 856 |
_uhttp://10.13.5.2/tesis/102606.pdf _zDESCARGAR PDF |
||
| 905 | _aLilia | ||
| 949 |
_aTesis _bBC _cTES _d1026061 _eTS1 _h43981 _i102606 _sb |
||
| 949 |
_aTesis _bBC _cTES _d33724000966198 _eTS2 _fc.2 _h43982 _i102606 _si |
||
| 999 |
_c91071 _d91071 |
||